Statistiques concernant Monarchies du souverain Charles III

Cliquez ici pour prendre le quiz!

Statistiques générales

  • Ce quiz a été pris 5 703 fois
    (5 656 depuis la dernière actualisation)
  • Le résultat moyen est 8 sur 15

Statistiques - réponses

Pays% Correct
Royaume-Uni
93%
Australie
92%
Canada
85%
Nouvelle-Zélande
84%
Sainte-Lucie
50%
Antigua-et-Barbuda
49%
Saint-Christophe-et-Niévès
49%
Saint-Vincent-et-les-Grenadines
49%
Jamaïque
46%
Bahamas
45%
Grenade
45%
Tuvalu
44%
Salomon
39%
Belize
33%
Papouasie-Nouvelle-Guinée
24%

Distribution des résultats

Percentile par nombre de réponses

% des personnes avec chaque résultat

Votre développement - résultats

Vous n’avez pas pris ce quiz depuis la dernière actualisation